Just juice / (Record no. 4417)
[ view plain ]
| 000 -LEADER | |
|---|---|
| fixed length control field | 01075nam a22003017a 4500 |
| 001 - CONTROL NUMBER | |
| control field | 4417 |
| 003 - CONTROL NUMBER IDENTIFIER | |
| control field | FISKH |
| 005 - DATE AND TIME OF LATEST TRANSACTION | |
| control field | 20240822122414.0 |
| 008 - FIXED-LENGTH DATA ELEMENTS--GENERAL INFORMATION | |
| fixed length control field | 240822b cb ||||| |||| 00| 0 eng d |
| 020 ## - INTERNATIONAL STANDARD BOOK NUMBER | |
| International Standard Book Number | 9780590033831 |
| 040 ## - CATALOGING SOURCE | |
| Original cataloging agency | FISKH |
| Language of cataloging | ENG |
| Transcribing agency | FISKH |
| Modifying agency | FISKH |
| 050 ## - LIBRARY OF CONGRESS CALL NUMBER | |
| Classification number | PZ7.H4364 |
| 082 ## - DEWEY DECIMAL CLASSIFICATION NUMBER | |
| Edition number | 813.54 |
| 100 ## - MAIN ENTRY--PERSONAL NAME | |
| Personal name | Hesse, Karen |
| Dates associated with a name | 1952- |
| 245 ## - TITLE STATEMENT | |
| Title | Just juice / |
| Statement of responsibility, etc. | By Karen Hesse; illustrated by Robert Andrew Parker |
| 250 ## - EDITION STATEMENT | |
| Edition statement | Published by Scholastic inc 1998 |
| 260 ## - PUBLICATION, DISTRIBUTION, ETC. | |
| Place of publication, distribution, etc. | New York : |
| Name of publisher, distributor, etc. | Scholastic, |
| Date of publication, distribution, etc. | 1998. |
| 300 ## - PHYSICAL DESCRIPTION | |
| Extent | 138 pages : |
| Other physical details | illustrations ; |
| Dimensions | 20 cm |
| 505 ## - FORMATTED CONTENTS NOTE | |
| Formatted contents note | R<br/> |
| 520 ## - SUMMARY, ETC. | |
| Summary, etc. | Realizing that her father's lack of work has endangered her family, nine-year-old Juice decides that she must return to school and learn to read in order to help their chances of surviving and keeping their house. |
| 521 8# - TARGET AUDIENCE NOTE | |
| Target audience note | 690L<br/> |
| Source | Lexile<br/> |
| 521 8# - TARGET AUDIENCE NOTE | |
| Target audience note | R<br/> |
| Source | Raz-Plus<br/> |
| 600 ## - SUBJECT ADDED ENTRY--PERSONAL NAME | |
| Source of heading or term | Family |
| Dates associated with a name | School |
| Title of a work | Literacy |
| General subdivision | Education |
| 600 ## - SUBJECT ADDED ENTRY--PERSONAL NAME | |
| Source of heading or term | Realistic fiction |
| Dates associated with a name | Pregnancy |
| Title of a work | Siblings |
| 700 ## - ADDED ENTRY--PERSONAL NAME | |
| Personal name | Andrew Paker, Robert |
| Relator term | illustrator |
| 942 ## - ADDED ENTRY ELEMENTS (KOHA) | |
| Source of classification or shelving scheme | Dewey Decimal Classification |
| Koha item type | Books |
| Suppress in OPAC | No |
| Withdrawn status | Lost status | Source of classification or shelving scheme | Damaged status | Not for loan | Collection | Home library | Current library | Shelving location | Date acquired | Total Checkouts | Full call number | Barcode | Date last seen | Copy number | Price effective from | Koha item type |
|---|---|---|---|---|---|---|---|---|---|---|---|---|---|---|---|---|
| Dewey Decimal Classification | Fiction | Footprints International School Library Network Toul Kork Campus | Footprints International School Library Network Toul Kork Campus | A TK Campus, 4th Floor, Room B401, Fiction Bookcases (1-6) | 08/22/2024 | HES 813.54 PZ7.H4364 | FISTK00062 | 08/22/2024 | 1 | 08/22/2024 | Books |
